Štruktúrne fondy Európskej únie
Štruktúrna politika ako súčasť celkovej hospodárskej politiky EÚ a jej členských štátov. Štruktúrne fondy EÚ : Európsky regionálny rozvojový fond (ERDF), Európsky sociálny fond (ESF), Európsky poľnohospodársky orientačný a záručný fond (EAGGFG), Finančný nástroj na usmerňovanie rybolovu (FIFG), Fond...
Guardado en:
| Autor principal: | |
|---|---|
| Formato: | Capítulo de libro |
| Lenguaje: | eslovaco |
| Materias: | |
| Etiquetas: |
Sin Etiquetas, Sea el primero en etiquetar este registro!
|
MARC
| LEADER | 00000naa a2200000 4500 | ||
|---|---|---|---|
| 001 | r025758 | ||
| 005 | 20230825100544.1 | ||
| 041 | 0 | |a slo | |
| 044 | |a SK | ||
| 245 | 1 | 0 | |a Štruktúrne fondy Európskej únie |c Drahoš Šíbl |
| 520 | |a Štruktúrna politika ako súčasť celkovej hospodárskej politiky EÚ a jej členských štátov. Štruktúrne fondy EÚ : Európsky regionálny rozvojový fond (ERDF), Európsky sociálny fond (ESF), Európsky poľnohospodársky orientačný a záručný fond (EAGGFG), Finančný nástroj na usmerňovanie rybolovu (FIFG), Fond kohézie. Ciele štruktúrnych fondov EÚ. Pomoc poskytovaná prostredníctvom štruktúrnych fondov. | ||
| 610 | 2 | 0 | |a Európska únia |
| 610 | 2 | 0 | |a štruktúra ekonomická |
| 610 | 2 | 0 | |a politika štruktúrna |
| 610 | 2 | 0 | |a fondy štruktúrne |
| 610 | 2 | 0 | |a dotácie |
| 610 | 2 | 0 | |a modernizácia |
| 610 | 2 | 0 | |a inovácia |
| 610 | 2 | 0 | |a rekvalifikácia |
| 610 | 2 | 0 | |a ECU |
| 610 | 2 | 0 | |a krajiny vyspelé |
| 610 | 2 | 0 | |a Vyšehradská štvorka |
| 610 | 2 | 0 | |a poľnohospodárstvo |
| 610 | 2 | 0 | |a SVE |
| 100 | 1 | |a Šíbl, Drahoš | |